| 000 -ლიდერი |
| ფიქსირებული სიგრძის საკონტროლო ველი |
02120nam a2200337Ia 4500 |
| 001 - საკონტროლო ნომერი |
| საკონტროლო ველი |
13026 |
| 003 - საკონტროლო ნომრის იდენტიფიკატორი |
| საკონტროლო ველი |
GE_BSU |
| 005 - ბოლო ოპერაციის თარიღი და დრო |
| საკონტროლო ველი |
20240715143133.0 |
| 008 - ფიქსირებული სიგრძის მონაცემთა ელემენტები - ზოგადი ინფორმაცია |
| ფიქსირებული სიგრძის საკონტროლო ველი |
181216s2011||||ge |||||||||||||| ||geo|| |
| 020 ## - წიგნის საერთაშორისო სტანდარტული ნომერი |
| International Standard Book Number |
978994113219 |
| 040 ## - კატალოგიზაციის წყარო |
| Transcribing agency |
GE_BSU |
| 041 ## - ენის კოდი |
| Language code of text/sound track or separate title |
geo |
| 080 ## - უნივერსალური ათობითი კლასიფიკაციის ინდექსი |
| Universal Decimal Classification number |
727:378.4(479.22)+378.4(479.22-25(09) გ-16 |
| 100 ## - მთავარი ჩანაწერი - პიროვნების სახელი |
| Personal name |
გაიპარაშვილი, ზურაბ |
| 9 (RLIN) |
22825 |
| 245 ## - ცნობა სათაურის შესახებ |
| Title |
საუკუნის ნიშანსვეტი : |
| Remainder of title |
ივანე ჯავახიშვილის სახ. თბილისის სახელმწ. უნ-ტის მთავარი შენობა / |
| Statement of responsibility, etc |
ზურაბ გაიპარაშვილი ; ივანე ჯავახიშვილის სახ. თბილისის სახელმწ. უნ-ტი. |
| 250 ## - გამოცემის ცნობა |
| Edition statement |
მე-2 შევსებული გამოცემა |
| 264 ## - წარმოების, გამოცემის, დისტრიბუციის და სხვა ცნობები |
| გამოცემის, წარმოების, დისტრიბუციის... ადგილი |
თბილისი : |
| გამოცემის, წარმოების, დისტრიბუციის... სახელწოდება |
თბილისის უნ-ტის გამ-ბა, |
| გამოცემის, წარმოების, დისტრიბუციის... თარიღი |
2011. |
| 300 ## - ფიზიკური აღწერა |
| Extent |
168 გვ. : |
| Other physical details |
ფოტ. ; |
| Dimensions |
24 სმ. |
| 500 ## - ზოგადი შენიშვნა |
| General note |
გარეკანზე ავტორი აღნიშნული არ არის |
| 500 ## - ზოგადი შენიშვნა |
| General note |
თავფურცლის მე-3 გვერდი ინგლ. ენაზე |
| 500 ## - ზოგადი შენიშვნა |
| General note |
ტექსტი ქართ. და ინგლ. ენებზე |
| 500 ## - ზოგადი შენიშვნა |
| General note |
შენიშვნები : გვ. 153-157 |
| 500 ## - ზოგადი შენიშვნა |
| General note |
პირთა საძიებელი : გვ. 161-163 |
| 504 ## - BIBLIOGRAPHY, ETC. NOTE |
| Bibliography, etc |
ბიბლიოგრაფია : გვ. 164-167 |
| 520 ## - SUMMARY, ETC. |
| Summary, etc |
რეზიუმე ინგლ. ენაზე |
| 546 ## - LANGUAGE NOTE |
| Language note |
ტექსტი ქართ. და ინგლ. ენებზე |
| 653 ## - INDEX TERM--UNCONTROLLED |
| Uncontrolled term |
საუკუნის ნიშანსვეტი |
| 653 ## - INDEX TERM--UNCONTROLLED |
| Uncontrolled term |
თბილისის სახელმწიფო უნივერსიტეტის ისტორია |
| 653 ## - INDEX TERM--UNCONTROLLED |
| Uncontrolled term |
თბილისის სახელმწიფო უნივერსიტეტის არქიტექტურა |
| 942 ## - ADDED ENTRY ELEMENTS (KOHA) |
| Koha item type |
წიგნი |
| Source of classification or shelving scheme |
|